[Event "Agneaux St Lo op 09th"]
[Site "Agneaux"]
[Date "2005.02.17"]
[Round "2"]
[White "Aras, Florian"]
[Black "Lecocq, Pascal"]
[Result "0-1"]
[WhiteElo "1140"]
[BlackElo "1270"]
[PlyCount "52"]
[EventDate "2005.02.16"]
[EventType "swiss"]
[EventRounds "6"]
[EventCountry "FRA"]
[SourceTitle "EXT 2006"]
[Source "ChessBase"]
[SourceDate "2005.11.24"]
[SourceVersion "1"]
[SourceVersionDate "2005.11.24"]
[SourceQuality "1"]

1. d4 d5 2. Nc3 Nf6 3. Bg5 e6 4. Nf3 Be7 5. e3 0-0 6. Bd3 Nc6 7. Qd2 h6 8. Bh4 Bb4 9. 0-0-0 Re8 10. Rhe1 e5 11. Bxf6 Qxf6 12. e4 exd4 13. Nxd5 Bxd2+ 14. Rxd2 Qd8 15. Bb5 Bd7 16. h4 a6 17. Bxc6 Bxc6 18. Rxd4 Bxd5 19. Rxd5 Qe7 20. Re5 Qf6 21. Rf5 Qe6 22. Rf4 Qxa2 23. g4 Rad8 24. Nd2 Qa1+ 25. Nb1 Qa5 26. f3 Qxe1# 0-1